Who's who on the postage stamps of Cuba (Record no. 2590)

000 -LEADER
fixed length control field 00427nam a22000977a 4500
008 - FIXED-LENGTH DATA ELEMENTS--GENERAL INFORMATION
fixed length control field 171216b xxu||||| |||| 00| 0 eng d
100 ## - MAIN ENTRY--AUTHOR'S NAME
Author's Name Kunze, Albert
245 ## - TITLE STATEMENT
Title Who's who on the postage stamps of Cuba
260 ## - PUBLICATION, DISTRIBUTION, ETC. (IMPRINT)
Place of publication, distribution, etc. Washington DC
Name of publisher, distributor, etc. Pan American Union
Date of publication, distribution, etc. 1943
650 ## - TOPICAL TERM (Tag)
Topical term or geographic name Cuba (1873-) | Topical Collecting -- Famous People | Topical Collecting -- History | Biographies | Definitive Issues | Commemorative Issues | Designs | Chronology
Holdings
Withdrawn status Lost status Source of classification or shelving scheme Damaged status Koha normalized classification for sorting Not for loan Permanent Location Current Location Shelving location Date acquired Total Checkouts Full call number Barcode Date last seen Copy number Price effective from
        G4921 T674 K96   Northern Philatelic Library Northern Philatelic Library General Stacks 12/16/2017   G4921 T674 K96 1002861 12/16/2017 1 12/16/2017

Powered by Koha